Justice,ideology,and education : an introduction to the social foundations of education

Αποθηκεύτηκε σε:
Λεπτομέρειες βιβλιογραφικής εγγραφής
Κύριος συγγραφέας: Stevens, Edward 1938-
Άλλοι συγγραφείς: Wood, George H.
Μορφή: Βιβλίο
Γλώσσα:English
Δημοσίευση: New York : McGraw-Hill, 1995
Έκδοση:3rd ed.
Θέματα:
Ετικέτες: Προσθήκη ετικέτας
Δεν υπάρχουν, Καταχωρήστε ετικέτα πρώτοι!

MARC

LEADER 00000nam a2200000 i 4500
001 1/80797
008 990513s1995 eng d
020 |a 0-07-061269-2 
035 |l 10050728 
040 |a GR-MY-UA  |b gre  |e aacr 
041 0 |a eng 
082 0 |a 370.190973 
100 1 |a Stevens, Edward  |d 1938- 
245 1 0 |a Justice,ideology,and education :  |b an introduction to the social foundations of education /  |c Edward Stevens, George H.Wood 
250 |a 3rd ed. 
260 |a New York :   |b McGraw-Hill,   |c 1995 
300 |a 368 p. 
650 0 0 |a Educational sociology  |z United States. 
650 0 0 |a Education  |x Social aspects  |z United States. 
650 0 0 |a Educational equalization  |z United States. 
700 1 |a Wood, George H. 
852 |a INST  |b RHODES  |e 19990513  |h 370.190973 STE  |p 005400015172  |q 005400015172  |t BK  |y 0 
901 |a BIBL4-1999-2 
909 |a Ρ  |b 065202  |c 1999 
922 |a 4ΕΛΗ  |b 199903  |d LEADER